000 00604nam a2200217Ia 4500
005 20241129104322.0
008 241129s9999||||xx |||||||||||||| ||und||
020 _a9788131612316
037 _aTextual
040 _aRTL
_beng
_cRTL
041 _aeng
_2eng
084 _aU1 R2
_qRTL
100 _aKannan Monika; Yadav Shilpi
_9725728
245 0 _aPractical geography
_cKannan Monika; Yadav Shilpi
260 _aJaipur
_bRawat Publication
_c2022
300 _ax,405p.
365 _aINR
_b1595
650 _aApplied Geography
_9725729
942 _cTB
_hU1 R2
999 _c1225369
_d1225369